| 000 | 00570cam a22002171 4500 | ||
|---|---|---|---|
| 001 | sa 68012158 | ||
| 003 | DLC | ||
| 005 | 20260227112607.0 | ||
| 008 | 711115s1968 pk 000 0 eng | ||
| 010 | _asa 68012158 | ||
| 025 | _aPL480:P-E-1444 | ||
| 040 |
_aDLC _cDLC _dDLC |
||
| 050 | 0 | 0 |
_aDS238.U4 _bA6 |
| 082 | 0 | 0 | _a956 |
| 100 | 1 | _aAhmad, Fazl. | |
| 245 | 0 | 0 | _aOmar bin Abdul Aziz; the greatest reformer of Islam. |
| 260 |
_aLahore, _bQuami Kutub Khana _c[1968] |
||
| 300 |
_aviii, 160 p. _c19 cm. |
||
| 350 | _aRs4.00 | ||
| 600 | 0 | 0 |
_aʻUmar _bII, _cCaliph, _d-720. |
| 999 |
_c84341 _d84341 |
||